[Event "Stay Safe Play From Home 152"]
[Site "T#646138Emanuel Laske"]
[Date "2020.05.17"]
[Round "3"]
[White "Weltszmerc"]
[Black "Sfantul321"]
[Result "0-1"]
[WhiteElo "2108"]
[BlackElo "2044"]
[Annotator "NA"]
[PlyCount "104"]
[EventDate "2020.05.17"]
[EventType "swiss (blitz)"]

1. d4 {[%emt 0:00:02]} g6 {[%emt 0:00:00]} 2. c4 {[%emt 0:00:01]} Bg7 {[%emt 0:00:01]} 3. Nc3 {[%emt 0:00:00]} d6 {[%emt 0:00:00]} 4. e4 {[%emt 0:00:01]} Nf6 {[%emt 0:00:00]} 5. Nge2 {[%emt 0:00:00]} O-O {[%emt 0:00:00]} 6. f3 {[%emt 0:00:00]} c5 {[%emt 0:00:01]} 7. Be3 {[%emt 0:00:00]} cxd4 {[%emt 0:00:01]} 8. Nxd4 {[%emt 0:00:02]} Nc6 {[%emt 0:00:00]} 9. Qd2 {[%emt 0:00:00]} Re8 {[%emt 0:00:01]} 10. Be2 {[%emt 0:00:00]} Bd7 {[%emt 0:00:01]} 11. O-O {[%emt 0:00:00]} a6 {[%emt 0:00:01]} 12. Rac1 {[%emt 0:00:00]} Rc8 {[%emt 0:00:01]} 13. Rfd1 {[%emt 0:00:01]} Ne5 {[%emt 0:00:01]} 14. b3 {[%emt 0:00:02]} h5 {[%emt 0:00:01]} 15. Nd5 {[%emt 0:00:02]} e6 {[%emt 0:00:01]} 16. Nxf6+ {[%emt 0:00:05]} Qxf6 {[%emt 0:00:01]} 17. Bg5 {[%emt 0:00:01]} Nxf3+ {[%emt 0:00:03]} 18. Nxf3 {[%emt 0:00:03]} Qb2 {[%emt 0:00:02]} 19. Rc2 {[%emt 0:00:01]} Qa3 {[%emt 0:00:01]} 20. Qxd6 {[%emt 0:00:01]} Qa5 {[%emt 0:00:03]} 21. Qd2 {[%emt 0:00:02]} Qb6+ {[%emt 0:00:02]} 22. Be3 {[%emt 0:00:02]} Qc7 {[%emt 0:00:03]} 23. Qxd7 {[%emt 0:00:01]} Qa5 {[%emt 0:00:02]} 24. Qd2 {[%emt 0:00:02]} Qc7 {[%emt 0:00:02]} 25. Bf4 {[%emt 0:00:01]} e5 {[%emt 0:00:02]} 26. Bg5 {[%emt 0:00:01]} f6 {[%emt 0:00:01]} 27. Bh6 {[%emt 0:00:01]} Bh8 {[%emt 0:00:01]} 28. Qd5+ {[%emt 0:00:02]} Kh7 {[%emt 0:00:02]} 29. Qd7+ {[%emt 0:00:10]} Re7 {[%emt 0:00:02]} 30. Qxc7 {[%emt 0:00:01]} Rexc7 {[%emt 0:00:01]} 31. Bc1 {[%emt 0:00:00]} f5 {[%emt 0:00:01]} 32. exf5 {[%emt 0:00:02]} gxf5 {[%emt 0:00:01]} 33. Ng5+ {[%emt 0:00:00]} Kg6 {[%emt 0:00:01]} 34. Ne6 {[%emt 0:00:00]} Re7 {[%emt 0:00:02]} 35. c5 {[%emt 0:00:03]} Rxe6 {[%emt 0:00:01]} 36. Bc4 {[%emt 0:00:00]} Rec6 {[%emt 0:00:01]} 37. b4 {[%emt 0:00:00]} e4 {[%emt 0:00:01]} 38. Bd5 {[%emt 0:00:00]} R6c7 {[%emt 0:00:01]} 39. Bb2 {[%emt 0:00:01]} Bxb2 {[%emt 0:00:02]} 40. Rxb2 {[%emt 0:00:00]} Kf6 {[%emt 0:00:00]} 41. Rbd2 {[%emt 0:00:00]} Ke5 {[%emt 0:00:01]} 42. Bb3 {[%emt 0:00:00]} b6 {[%emt 0:00:01]} 43. Rd5+ {[%emt 0:00:00]} Kf4 {[%emt 0:00:01]} 44. cxb6 {[%emt 0:00:00]} Rb7 {[%emt 0:00:01]} 45. g3+ {[%emt 0:00:01]} Kg5 {[%emt 0:00:01]} 46. Rd6 {[%emt 0:00:00]} Rcb8 {[%emt 0:00:01]} 47. Kg2 {[%emt 0:00:01]} h4 {[%emt 0:00:01]} 48. gxh4+ {[%emt 0:00:01]} Kxh4 {[%emt 0:00:00]} 49. Rh6+ {[%emt 0:00:01]} Kg5 {[%emt 0:00:00]} 50. Rdd6 {[%emt 0:00:01]} Rg7 {[%emt 0:00:01]} 51. Rdg6+ {[%emt 0:00:00]} Rxg6 {[%emt 0:00:01]} 52. Rxg6+ {[%emt 0:00:00]} Kxg6 {[%emt 0:00:00] Czas partii (Lag: Av=0.56s, max=1.3s)} 0-1

[Event "Stay Safe Play From Home 152"]
[Site "T#646138Emanuel Laske"]
[Date "2020.05.17"]
[Round "3"]
[White "Castlingarrocco"]
[Black "Lazieri3"]
[Result "1-0"]
[WhiteElo "2032"]
[BlackElo "2125"]
[Annotator "TA"]
[PlyCount "30"]
[EventDate "2020.05.17"]
[EventType "swiss (blitz)"]

{[%evp 1,1,-16]} 1. d3 {An uneventful encounter.} {Predecessor:} d5 2. Nf3 Nf6 3. g3 Nc6 4. Bg2 e5 5. O-O Be7 6. Nbd2 {A07: Réti Opening: New York and Capablanca Systems.} O-O 7. e4 Re8 8. exd5 Nxd5 9. Re1 Bf8 10. Nc4 f6 11. c3 Be6 12. Nh4 Qd7 13. Qc2 Rad8 14. a4 Nb6 15. Nxb6 axb6 {0-1 (48) Sevian,S (2666)-Firouzja,A (2682) chess.com INT 2019} 1-0

[Event "Stay Safe Play From Home 152"]
[Site "T#646138Emanuel Laske"]
[Date "2020.05.17"]
[Round "3"]
[White "MartinKestler"]
[Black "Haxhi Baha"]
[Result "1-0"]
[WhiteElo "1911"]
[BlackElo "1926"]
[Annotator "TA"]
[PlyCount "111"]
[EventDate "2020.05.17"]
[EventType "swiss (blitz)"]

{[%evp 13,111,12,12,0,35,11,27,27,28,27,36,32,30,44,30,23,33,33,32,21,25,18,17,2,28,23,25,0,0,0,0,-10,8,-5,6,-34,-12,-12,527,517,508,447,454,434,628,426,495,426,426,426,435,373,447,259,450,439,437,405,408,312,333,0,0,0,379,369,491,0,1797,2570,1790,695,2459,2024,1790,1257,29981,29982,29989,1272,1411,833,2381,1482,29939,29943,10518,11541,2131,1220,2017,1806,6592,0,29979,0,4304,2852,1720,0]} 1. Nf3 e6 2. b3 d5 3. Bb2 c6 4. e3 Nf6 5. d4 Bd6 6. Be2 O-O 7. O-O Nbd7 8. Nbd2 {D05: Colle System with ...e6.} Qe7 9. c4 Ba3 10. Qc1 {White has an edge.} Bxb2 11. Qxb2 Re8 {[#]} 12. h3 $146 ({Predecessor:} 12. Rac1 e5 13. cxd5 Nxd5 14. dxe5 Nxe5 15. Nxe5 Qxe5 16. Qxe5 Rxe5 17. Nf3 Re8 18. Nd4 {1-0 (44) Kourousis,E (2364)-Exizoglou,D (2182) Porto Rio 2014}) 12... e5 13. dxe5 Nxe5 14. Nxe5 Qxe5 15. Qxe5 Rxe5 16. cxd5 Nxd5 17. Nf3 Re8 18. Rfd1 Bf5 19. Rac1 a5 20. Bd3 Bxd3 21. Rxd3 a4 22. Nd4 axb3 23. axb3 Ra2 24. Rf1 h6 25. Nf5 Re7 $2 {[%mdl 8192]} (25... h5 $11 {and Black has nothing to worry.}) 26. Nxe7+ $18 Nxe7 {[%mdl 4096] Endgame KRR-KRN} 27. Rd7 Nd5 28. Rxb7 Rc2 (28... Nc3 $142 29. Rc7 Ra6) 29. Rb8+ Kh7 30. b4 Rb2 31. Rc1 Nxb4 32. Rc8 f5 33. g3 (33. Rb8 $142) 33... Kg6 $2 (33... Nd3) 34. h4 Nd3 35. R1xc6+ Kh5 36. R6c7 g6 37. Rg7 $2 (37. Rc2 $18) 37... Nxf2 $11 38. Rc6 Ne4 $2 {[%mdl 8192]} (38... Kg4 $11 {and Black is okay.}) 39. Rcxg6 $18 Nd2 {intending ...Nf3+.} 40. g4+ $2 (40. Rf6 $18 {[%cal Rf6f5]} Nf3+ 41. Kf1 Nh2+ 42. Ke1 Rb1+ 43. Kd2 Rb2+ 44. Kc3) 40... Kxh4 $2 {[%mdl 8192]} (40... fxg4 $11 41. e4 Nf3+ 42. Kf1 Rd2) 41. gxf5 {[%cal Rg6h6]} Nf3+ 42. Kf1 {[%cal Rg6h6]} Nh2+ 43. Ke1 {[%cal Rg6h6]} Nf3+ 44. Kd1 {[%cal Rg6h6]} h5 45. Rg2 Rb1+ 46. Kc2 (46. Ke2 $142 Nd4+ 47. exd4 Kh3 48. f6 Rb8 49. Kf3 h4 50. Rg1 Rb3+ 51. Kf4) 46... Rb8 47. Kc3 Kh3 48. R2g6 h4 49. f6 Rc8+ 50. Kb4 Ne5 51. Ka5 Nxg6 52. Rxg6 Rf8 53. Rh6 $2 (53. Kb6 $18 Rb8+ 54. Kc5) 53... Kh2 $2 {[%mdl 8192]} (53... Kg4 $11 54. Kb4 Kg5 $1 {[%mdl 512]}) 54. e4 $2 (54. Rxh4+ {mates} Kg2 55. Rf4 Rf7 56. Kb5 Kh3 57. Kc5 Kg3 58. Kd6 Kg2 59. Ke6) 54... h3 $2 {[%mdl 8192]} (54... Kg3 $11) 55. e5 Re8 {[#]} 56. e6 $2 {[%mdl 32768] Accuracy: White = 62%, Black = 40%. . Loss on time!?} (56. Rh5 $1 $18 Rf8 57. Kb6) 1-0

[Event "Stay Safe Play From Home 152"]
[Site "T#646138Emanuel Laske"]
[Date "2020.05.17"]
[Round "3"]
[White "Konmos"]
[Black "Don59as"]
[Result "0-1"]
[WhiteElo "1799"]
[BlackElo "1998"]
[Annotator "NA"]
[PlyCount "84"]
[EventDate "2020.05.17"]
[EventType "swiss (blitz)"]

1. d4 {[%emt 0:00:01]} d5 {[%emt 0:00:01]} 2. c4 {[%emt 0:00:01]} e5 {[%emt 0:00:01]} 3. Nc3 {[%emt 0:00:00]} dxc4 {[%emt 0:00:01]} 4. d5 {[%emt 0:00:02]} f5 {[%emt 0:00:01]} 5. e4 {[%emt 0:00:01]} Nf6 {[%emt 0:00:01]} 6. Bxc4 {[%emt 0:00:02]} Bd6 {[%emt 0:00:01]} 7. Bg5 {[%emt 0:00:00]} O-O {[%emt 0:00:01]} 8. Bxf6 {[%emt 0:00:00]} Qxf6 {[%emt 0:00:02]} 9. exf5 {[%emt 0:00:00]} Bxf5 {[%emt 0:00:02]} 10. Qe2 {[%emt 0:00:02]} Nd7 {[%emt 0:00:01]} 11. Nf3 {[%emt 0:00:01]} Nb6 {[%emt 0:00:01]} 12. Bb3 {[%emt 0:00:01]} Qg6 {[%emt 0:00:01]} 13. Nh4 {[%emt 0:00:05]} Qg5 {[%emt 0:00:01]} 14. Nxf5 {[%emt 0:00:01]} Rxf5 {[%emt 0:00:01]} 15. O-O {[%emt 0:00:00]} Raf8 {[%emt 0:00:01]} 16. Ne4 {[%emt 0:00:01]} Qh6 {[%emt 0:00:04]} 17. f3 {[%emt 0:00:02]} Rh5 {[%emt 0:00:01]} 18. g4 {[%emt 0:00:02]} Rh3 {[%emt 0:00:03]} 19. Nxd6 {[%emt 0:00:01]} cxd6 {[%emt 0:00:01]} 20. Qg2 {[%emt 0:00:01]} Qh4 {[%emt 0:00:05]} 21. Rae1 {[%emt 0:00:01]} h5 {[%emt 0:00:01]} 22. Re4 {[%emt 0:00:01]} Rf4 {[%emt 0:00:02]} 23. Rxf4 {[%emt 0:00:01]} exf4 {[%emt 0:00:00]} 24. Re1 {[%emt 0:00:02]} hxg4 {[%emt 0:00:01]} 25. Re8+ {[%emt 0:00:03]} Kf7 {[%emt 0:00:03]} 26. Qe2 {[%emt 0:00:01]} Qf6 {[%emt 0:00:04]} 27. Qe6+ {[%emt 0:00:05]} Qxe6 {[%emt 0:00:01]} 28. Rxe6 {[%emt 0:00:02]} Rxf3 {[%emt 0:00:01]} 29. Rxd6 {[%emt 0:00:01]} Re3 {[%emt 0:00:03]} 30. Kf2 {[%emt 0:00:01]} g5 {[%emt 0:00:01]} 31. Rd8 {[%emt 0:00:02]} g3+ {[%emt 0:00:02]} 32. hxg3 {[%emt 0:00:01]} Rxg3 {[%emt 0:00:00]} 33. d6+ {[%emt 0:00:02]} Kf6 {[%emt 0:00:03]} 34. Rg8 {[%emt 0:00:04]} Ke5 {[%emt 0:00:01]} 35. Rg6 {[%emt 0:00:00]} Nd7 {[%emt 0:00:02]} 36. Rg7 {[%emt 0:00:02]} Nc5 {[%emt 0:00:00]} 37. d7 {[%emt 0:00:01]} Nxd7 {[%emt 0:00:00]} 38. Rxd7 {[%emt 0:00:00]} Rh3 {[%emt 0:00:00]} 39. Rxb7 {[%emt 0:00:00]} Rh2+ {[%emt 0:00:01]} 40. Kg1 {[%emt 0:00:01]} Rxb2 {[%emt 0:00:00]} 41. Rxa7 {[%emt 0:00:00]} g4 {[%emt 0:00:01]} 42. Re7+ {[%emt 0:00:01]} Kd4 {[%emt 0:00:01] Zeit (Lag: Av=0.55s, max=1.1s) .} 0-1

[Event "Stay Safe Play From Home 152"]
[Site "T#646138Emanuel Laske"]
[Date "2020.05.17"]
[Round "3"]
[White "Edmatuag"]
[Black "Haris kollari 13"]
[Result "0-1"]
[WhiteElo "1651"]
[BlackElo "1670"]
[Annotator "NA"]
[PlyCount "56"]
[EventDate "2020.05.17"]
[EventType "swiss (blitz)"]

1. Nf3 {[%emt 0:00:02]} e6 {[%emt 0:00:00]} 2. e4 {[%emt 0:00:02]} d5 {[%emt 0:00:01]} 3. e5 {[%emt 0:00:01]} c5 {[%emt 0:00:07]} 4. d3 {[%emt 0:00:05]} Nc6 {[%emt 0:00:01]} 5. Bf4 {[%emt 0:00:01]} Bd7 {[%emt 0:00:01]} 6. Nc3 {[%emt 0:00:02]} Qc7 {[%emt 0:00:01]} 7. Qe2 {[%emt 0:00:02]} a6 {[%emt 0:00:01]} 8. O-O-O {[%emt 0:00:02]} f6 {[%emt 0:00:01]} 9. Bg3 {[%emt 0:00:05]} f5 {[%emt 0:00:02]} 10. h4 {[%emt 0:00:03]} h6 {[%emt 0:00:01]} 11. h5 {[%emt 0:00:01]} Be7 {[%emt 0:00:02]} 12. Bf4 {[%emt 0:00:02]} O-O-O {[%emt 0:00:02]} 13. Kb1 {[%emt 0:00:03]} b5 {[%emt 0:00:01]} 14. d4 {[%emt 0:00:01]} c4 {[%emt 0:00:01]} 15. Ka1 {[%emt 0:00:02]} Qa5 {[%emt 0:00:01]} 16. Nb1 {[%emt 0:00:02]} Kc7 {[%emt 0:00:01]} 17. Qd2 {[%emt 0:00:03]} b4 {[%emt 0:00:01]} 18. c3 {[%emt 0:00:02]} Rb8 {[%emt 0:00:05]} 19. cxb4 {[%emt 0:00:02]} Bxb4 {[%emt 0:00:02]} 20. Nc3 {[%emt 0:00:01]} Qb6 {[%emt 0:00:04]} 21. Nh4 {[%emt 0:00:04]} Nge7 {[%emt 0:00:02]} 22. Ng6 {[%emt 0:00:01]} Nxg6 {[%emt 0:00:01]} 23. hxg6 {[%emt 0:00:00]} a5 {[%emt 0:00:01]} 24. a3 {[%emt 0:00:02]} Be7 {[%emt 0:00:02]} 25. Na4 {[%emt 0:00:02]} Qb3 {[%emt 0:00:01]} 26. Nc5 {[%emt 0:00:01]} Bxc5 {[%emt 0:00:01]} 27. dxc5 {[%emt 0:00:00]} Nb4 {[%emt 0:00:05]} 28. Rg1 {[%emt 0:00:04]} Qa2# {[%emt 0:00:02] (Lag: Av=0.53s, max=0.8s)} 0-1

[Event "Stay Safe Play From Home 152"]
[Site "T#646138Emanuel Laske"]
[Date "2020.05.17"]
[Round "4"]
[White "XShot"]
[Black "Mepe_Nika"]
[Result "1/2-1/2"]
[WhiteElo "2484"]
[BlackElo "2319"]
[Annotator "TA"]
[PlyCount "160"]
[EventDate "2020.05.17"]
[EventType "swiss (blitz)"]

{[%evp 10,160,16,16,12,-31,-31,-31,0,0,0,-39,0,-29,0,-3,0,-16,-8,-18,21,-12,35,37,20,17,22,16,26,14,30,8,12,9,17,1,2,-28,-23,-61,85,35,91,91,89,87,97,48,64,5,7,7,10,9,7,6,11,10,14,1,2,4,10,0,9,10,8,0,14,16,22,22,22,23,28,28,65,2,73,73,73,73,73,0,0,0,0,0,0,0,0,0,0,0,80,80,80,80,80,80,80,80,80,80,87,0,87,0,87,25,66,8,66,66,73,73,79,73,73,73,73,8,8,0,0,0,0,0,0,0,0,0,0,0,0,0,0,0,0,0,0,0,0,0,0,0,0,0,0,0,8,-8,-8]} 1. d4 d5 2. Nf3 c6 3. Bg5 Qb6 4. Qc1 h6 5. Bh4 Bf5 6. e3 e6 {D00: 1 d4 d5: Unusual lines.} 7. Bd3 Bxd3 8. cxd3 Be7 {Black is slightly better.} 9. Bg3 Nd7 10. O-O Ngf6 11. Nc3 O-O 12. Na4 {[#]} Qd8 $146 ({Predecessor:} 12... Qa5 13. Qc2 Rac8 14. Rfc1 Nh5 15. a3 Nxg3 16. hxg3 Bd6 17. b4 Qd8 18. Nc5 b6 19. Nxd7 Qxd7 {½-½ (40) Hammar,U (2125)-Revelj,O (2110) Sweden 2004}) 13. Rb1 Rc8 14. b4 b6 15. Qb2 c5 16. bxc5 bxc5 17. dxc5 Nxc5 18. Nxc5 Bxc5 19. Bh4 Be7 20. Qb7 Rc7 21. Qa6 Nd7 22. Bxe7 Qxe7 23. d4 Rfc8 24. Rb7 {[#]} f6 (24... Ne5 $1 $15 {[%mdl 512] stays ahead.} 25. Rxc7 (25. dxe5 Rxb7) 25... Nxf3+ 26. gxf3 Rxc7) 25. Qxa7 Nf8 (25... Nb6 $14 26. Rxc7 Qxc7 27. Qxc7 Rxc7) 26. Rxc7 $16 Rxc7 27. Qa4 Ra7 28. Qb3 Qa3 29. Qb6 (29. Qxa3 $14 Rxa3 30. Ra1) 29... Qxa2 30. h4 Qa6 31. Qd8 Qb7 32. Rc1 Qd7 33. Qb6 Rb7 34. Qc6 Qxc6 35. Rxc6 $11 {[%mdl 4096] Endgame KRN-KRN} Kf7 36. Rc5 Ke7 37. g4 Nd7 38. Rc2 g6 39. Kg2 Kd6 40. g5 hxg5 41. hxg5 fxg5 42. Nxg5 Nf6 43. Nf3 (43. Ra2 $14) 43... Rc7 (43... Ke7 $11) 44. Rxc7 $16 Kxc7 {KN-KN} 45. Ne5 g5 {[#]} 46. Nf3 (46. f3 $1 $16) 46... g4 $11 47. Ne5 Kd6 48. Kg3 Ne4+ 49. Kg2 Nf6 50. Kg3 Ne4+ 51. Kg2 Ke7 (51... Nf6 $11 {remains equal.}) 52. Nxg4 $16 Ng5 53. Nh2 Ne4 54. Nf3 Nc3 55. Ne5 Kd6 56. Ng4 Ne2 57. Ne5 Nc3 58. Nf3 (58. Nd3 $16) 58... Nd1 (58... Ke7 $1 $11) 59. Nh2 (59. Kf1 $16) 59... Nc3 60. Nf1 ({White should play} 60. Kg1 $14) 60... Nb5 ({Better is} 60... e5 $1 $11) 61. Ng3 Na3 62. Ne2 Nc4 63. Nf4 e5 64. dxe5+ Kxe5 65. Nh3 (65. Kf3 $16) 65... d4 $11 {The position is equal.} 66. Ng1 dxe3 67. Nf3+ Ke4 68. fxe3 Kxe3 69. Nh2 Nd2 70. Ng4+ Kd4 71. Nh2 Kc3 72. Kh3 Nc4 73. Kh4 Ne3 74. Ng4 Nd5 75. Kh3 Ne7 76. Kh4 Nf5+ 77. Kh3 Ne7 78. Kg2 Ng6 79. Kh2 Ne5 80. Kg1 Nxg4 {Accuracy: White = 75%, Black = 78%.} 1/2-1/2

[Event "Stay Safe Play From Home 152"]
[Site "T#646138Emanuel Laske"]
[Date "2020.05.17"]
[Round "4"]
[White "Weltszmerc"]
[Black "Konmos"]
[Result "1-0"]
[WhiteElo "2088"]
[BlackElo "1791"]
[PlyCount "93"]
[EventDate "2020.05.17"]
[EventType "swiss (blitz)"]

1. d4 {[%emt 0:00:01]} e5 {[%emt 0:00:01]} 2. c4 {[%emt 0:00:00]} exd4 {[%emt 0:00:00]} 3. Nf3 {[%emt 0:00:00]} Bb4+ {[%emt 0:00:00]} 4. Bd2 {[%emt 0:00:01]} Bxd2+ {[%emt 0:00:00]} 5. Nbxd2 {[%emt 0:00:00]} c5 {[%emt 0:00:00]} 6. Qc2 {[%emt 0:00:01]} Nf6 {[%emt 0:00:02]} 7. g3 {[%emt 0:00:00]} Qe7 {[%emt 0:00:01]} 8. Bg2 {[%emt 0:00:00]} Nc6 {[%emt 0:00:01]} 9. O-O {[%emt 0:00:02]} O-O {[%emt 0:00:01]} 10. Rfe1 {[%emt 0:00:01]} Nb4 {[%emt 0:00:02]} 11. Qb1 {[%emt 0:00:02]} d5 {[%emt 0:00:01]} 12. a3 {[%emt 0:00:01]} Nc6 {[%emt 0:00:02]} 13. cxd5 {[%emt 0:00:01]} Nxd5 {[%emt 0:00:00]} 14. Nc4 {[%emt 0:00:02]} Be6 {[%emt 0:00:01]} 15. e3 {[%emt 0:00:04]} dxe3 {[%emt 0:00:03]} 16. Nxe3 {[%emt 0:00:01]} Nxe3 {[%emt 0:00:00]} 17. Rxe3 {[%emt 0:00:00]} Rfe8 {[%emt 0:00:01]} 18. Qc2 {[%emt 0:00:01]} Qf6 {[%emt 0:00:02]} 19. Rae1 {[%emt 0:00:02]} Nd4 {[%emt 0:00:02]} 20. Qxc5 {[%emt 0:00:03]} Nxf3+ {[%emt 0:00:02]} 21. Bxf3 {[%emt 0:00:01]} b6 {[%emt 0:00:02]} 22. Qe5 {[%emt 0:00:02]} Qxe5 {[%emt 0:00:02]} 23. Rxe5 {[%emt 0:00:00]} Rad8 {[%emt 0:00:01]} 24. Bd5 {[%emt 0:00:01]} Bd7 {[%emt 0:00:02]} 25. Rxe8+ {[%emt 0:00:01]} Bxe8 {[%emt 0:00:01]} 26. Bf3 {[%emt 0:00:03]} Kf8 {[%emt 0:00:01]} 27. Kg2 {[%emt 0:00:00]} Bb5 {[%emt 0:00:03]} 28. Re5 {[%emt 0:00:03]} a6 {[%emt 0:00:03]} 29. Be2 {[%emt 0:00:03]} Bxe2 {[%emt 0:00:03]} 30. Rxe2 {[%emt 0:00:01]} Rd5 {[%emt 0:00:03]} 31. f4 {[%emt 0:00:01]} Rb5 {[%emt 0:00:01]} 32. Kf3 {[%emt 0:00:01]} Rb3+ {[%emt 0:00:00]} 33. Kf2 {[%emt 0:00:01]} f5 {[%emt 0:00:01]} 34. Rc2 {[%emt 0:00:01]} h6 {[%emt 0:00:03]} 35. Ke2 {[%emt 0:00:00]} Ke7 {[%emt 0:00:01]} 36. Kd2 {[%emt 0:00:01]} g5 {[%emt 0:00:01]} 37. Kc1 {[%emt 0:00:01]} gxf4 {[%emt 0:00:01]} 38. gxf4 {[%emt 0:00:00]} Kd6 {[%emt 0:00:01]} 39. Rd2+ {[%emt 0:00:01]} Kc5 {[%emt 0:00:01]} 40. Rc2+ {[%emt 0:00:01]} Kd4 {[%emt 0:00:00]} 41. Rc6 {[%emt 0:00:01]} Ke4 {[%emt 0:00:02]} 42. Rxh6 {[%emt 0:00:01]} Kxf4 {[%emt 0:00:00]} 43. Rh4+ {[%emt 0:00:00]} Kg5 {[%emt 0:00:01]} 44. Rd4 {[%emt 0:00:01]} f4 {[%emt 0:00:00]} 45. Kc2 {[%emt 0:00:00]} Kg4 {[%emt 0:00:00]} 46. Kc1 {[%emt 0:00:01]} Kf5 {[%emt 0:00:01]} 47. Kc2 {[%emt 0:00:00] Zeit (Lag: Av=1.09s, max=1.3s)} 1-0

[Event "Stay Safe Play From Home 152"]
[Site "T#646138Emanuel Laske"]
[Date "2020.05.17"]
[Round "4"]
[White "Sfantul321"]
[Black "Indianquant"]
[Result "0-1"]
[WhiteElo "2064"]
[BlackElo "2239"]
[Annotator "NA"]
[PlyCount "78"]
[EventDate "2020.05.17"]
[EventType "swiss (blitz)"]

1. c4 {[%emt 0:00:01]} e5 {[%emt 0:00:01]} 2. Nc3 {[%emt 0:00:00]} Bb4 {[%emt 0:00:01]} 3. d3 {[%emt 0:00:01]} Bxc3+ {[%emt 0:00:00]} 4. bxc3 {[%emt 0:00:01]} Nc6 {[%emt 0:00:00]} 5. Rb1 {[%emt 0:00:00]} d6 {[%emt 0:00:01]} 6. e4 {[%emt 0:00:00]} f5 {[%emt 0:00:01]} 7. exf5 {[%emt 0:00:02]} Bxf5 {[%emt 0:00:01]} 8. Nf3 {[%emt 0:00:00]} Rb8 {[%emt 0:00:02]} 9. Be2 {[%emt 0:00:01]} Nf6 {[%emt 0:00:01]} 10. O-O {[%emt 0:00:01]} O-O {[%emt 0:00:00]} 11. h3 {[%emt 0:00:00]} Kh8 {[%emt 0:00:01]} 12. Bg5 {[%emt 0:00:01]} Qe8 {[%emt 0:00:01]} 13. Bxf6 {[%emt 0:00:01]} Rxf6 {[%emt 0:00:00]} 14. d4 {[%emt 0:00:01]} Bxb1 {[%emt 0:00:02]} 15. Qxb1 {[%emt 0:00:01]} exd4 {[%emt 0:00:00]} 16. Bd3 {[%emt 0:00:01]} dxc3 {[%emt 0:00:05]} 17. Bxh7 {[%emt 0:00:01]} Qh5 {[%emt 0:00:01]} 18. Bc2 {[%emt 0:00:02]} Rxf3 {[%emt 0:00:06]} 19. gxf3 {[%emt 0:00:01]} Ne5 {[%emt 0:00:01]} 20. Be4 {[%emt 0:00:03]} Rf8 {[%emt 0:00:02]} 21. Qxb7 {[%emt 0:00:03]} Qxh3 {[%emt 0:00:03]} 22. Rc1 {[%emt 0:00:05]} Nxf3+ {[%emt 0:00:02]} 23. Bxf3 {[%emt 0:00:03]} Rxf3 {[%emt 0:00:00]} 24. Qa8+ {[%emt 0:00:04]} Kh7 {[%emt 0:00:01]} 25. Qe4+ {[%emt 0:00:01]} g6 {[%emt 0:00:01]} 26. Rb1 {[%emt 0:00:08]} Qf5 {[%emt 0:00:06]} 27. Qxf5 {[%emt 0:00:03]} gxf5 {[%emt 0:00:02]} 28. Rc1 {[%emt 0:00:01]} Rd3 {[%emt 0:00:03]} 29. Kf1 {[%emt 0:00:02]} c6 {[%emt 0:00:06]} 30. a3 {[%emt 0:00:01]} d5 {[%emt 0:00:01]} 31. Ke2 {[%emt 0:00:01]} Rd2+ {[%emt 0:00:01]} 32. Ke3 {[%emt 0:00:01]} d4+ {[%emt 0:00:01]} 33. Kf4 {[%emt 0:00:01]} Rxf2+ {[%emt 0:00:00]} 34. Ke5 {[%emt 0:00:01]} c5 {[%emt 0:00:01]} 35. Kd5 {[%emt 0:00:01]} Rd2 {[%emt 0:00:03]} 36. Kxc5 {[%emt 0:00:01]} c2 {[%emt 0:00:00]} 37. Kb4 {[%emt 0:00:02]} d3 {[%emt 0:00:00]} 38. Kc3 {[%emt 0:00:00]} Rd1 {[%emt 0:00:00]} 39. Kb2 {[%emt 0:00:01]} Rxc1 {[%emt 0:00:01] Time (Lag: Av=0.46s, max=1.1s) .} 0-1

[Event "Stay Safe Play From Home 152"]
[Site "T#646138Emanuel Laske"]
[Date "2020.05.17"]
[Round "4"]
[White "Fischer_11"]
[Black "Trotsky"]
[Result "1-0"]
[WhiteElo "2041"]
[BlackElo "1592"]
[Annotator "NA"]
[PlyCount "59"]
[EventDate "2020.05.17"]
[EventType "swiss (blitz)"]

1. e4 {[%emt 0:00:02]} c5 {[%emt 0:00:01]} 2. c3 {[%emt 0:00:01]} e6 {[%emt 0:00:00]} 3. d4 {[%emt 0:00:01]} d5 {[%emt 0:00:01]} 4. exd5 {[%emt 0:00:01]} exd5 {[%emt 0:00:01]} 5. Be3 {[%emt 0:00:00]} c4 {[%emt 0:00:02]} 6. b3 {[%emt 0:00:01]} Be6 {[%emt 0:00:01]} 7. bxc4 {[%emt 0:00:01]} Nc6 {[%emt 0:00:01]} 8. Nd2 {[%emt 0:00:00]} Nf6 {[%emt 0:00:01]} 9. cxd5 {[%emt 0:00:01]} Bxd5 {[%emt 0:00:01]} 10. c4 {[%emt 0:00:00]} Be4 {[%emt 0:00:09]} 11. Nxe4 {[%emt 0:00:01]} Nxe4 {[%emt 0:00:01]} 12. Bd3 {[%emt 0:00:00]} f5 {[%emt 0:00:02]} 13. Nf3 {[%emt 0:00:01]} Qc7 {[%emt 0:00:02]} 14. d5 {[%emt 0:00:01]} Ne5 {[%emt 0:00:01]} 15. Bd4 {[%emt 0:00:04]} Bd6 {[%emt 0:00:02]} 16. Nxe5 {[%emt 0:00:02]} Bxe5 {[%emt 0:00:01]} 17. Bxe5 {[%emt 0:00:00]} Qxe5 {[%emt 0:00:01]} 18. O-O {[%emt 0:00:00]} O-O-O {[%emt 0:00:05]} 19. Re1 {[%emt 0:00:04]} Qc7 {[%emt 0:00:01]} 20. Bxe4 {[%emt 0:00:02]} fxe4 {[%emt 0:00:01]} 21. Rxe4 {[%emt 0:00:00]} g5 {[%emt 0:00:02]} 22. a4 {[%emt 0:00:02]} h5 {[%emt 0:00:01]} 23. a5 {[%emt 0:00:01]} g4 {[%emt 0:00:03]} 24. a6 {[%emt 0:00:01]} b6 {[%emt 0:00:02]} 25. c5 {[%emt 0:00:02]} g3 {[%emt 0:00:05]} 26. hxg3 {[%emt 0:00:04]} h4 {[%emt 0:00:01]} 27. cxb6 {[%emt 0:00:01]} Qd6 {[%emt 0:00:03]} 28. bxa7 {[%emt 0:00:04]} Kd7 {[%emt 0:00:02]} 29. Qg4+ {[%emt 0:00:02]} Kc7 {[%emt 0:00:03]} 30. Rc1+ {[%emt 0:00:02] . Âðåìÿ (Lag: Av=0.23s, max=0.4s)} 1-0